00477 2200181 4500001002100000005001500021035002000036008004100056245005800097100001800155260002900173300001300202020001800215084001600233082001000249650001200259990002400271INLIS00000000000054820231121023816 a0010-0823000548231121 0 ind 1 aPengantar Ilmu Tarekat Kajian Historis Tentang Mistik aAbubakar Aceh aSolo :bRamadhani,c1993 a420 hlm. a979-516-105-9 a2x5.3 ABO p a2x5.3 4aTarikat a0075/STITINKA/01/23